000 00663nam a22002297a 4500
001 1758
003 CO-MdFUSB
005 20180622072722.0
008 160824t1990 c ||||| |||| 00| 0 s d
020 _a958-607-509-5
040 _cCO-MdFUSB
_aCO-MdFUSB
_bspa
_dCO-MdFUSBC
_erda
041 0 _aspa
082 0 4 _aG 220.6 L574a
245 0 0 _aAvances metodológicos de la exégesis para la praxis de hoy
_c/ Fritzleo Lentzen-Deis...[èt. al.]
264 4 _aBogotá, Colombia :
_bPaulinas,
_c©1990
300 _a136 Pag
336 _2rdacontent
_a1
_ba1
337 _2rdamedia
_a2
_b5
338 _2rdacarrier
_a2
_b5
650 7 _aHermenéutica
_9418
942 _cBK
999 _c32966
_d32966